| 000 | 00000nam 2200000zi 4500 |
| 001 | 9.938352 |
| 003 | CaOODSP |
| 005 | 20241105091523 |
| 006 | m o d f |
| 007 | cr cn||||||||| |
| 008 | 240515t20232023oncb ob f000 0 fre d |
| 020 | |a9780660719771 |
| 040 | |aCaOODSP|bfre|erda|cCaOODSP |
| 043 | |an-cn-bc |
| 086 | 1 |aCW69-14/837-2024F-PDF |
| 245 | 00|aÉvaluation et rapport de situation du COSEPAC sur le groupe d'espèces d'épinoches à trois épines, Gasterosteus aculeatus, au Canada. |
| 264 | 1|aOttawa (Ontario) : |bComité sur la situation des espèces en péril au Canada = Committee on the Status of Endangered Wildlife in Canada, |c2023. |
| 264 | 4|c©2023 |
| 300 | |a1 ressource en ligne (lxix, 128 pages) : |bcartes |
| 336 | |atexte|btxt|2rdacontent/fre |
| 337 | |ainformatique|bc|2rdamedia/fre |
| 338 | |aressource en ligne|bcr|2rdacarrier/fre |
| 500 | |aTitre de la couverture. |
| 500 | |aPublié aussi en anglais sous le titre : COSEWIC assessment and status report on the threespine stickleback species bundle, Gasterosteus aculeatus, in Canada. |
| 504 | |aComprend des références bibliographiques (pages 68-84). |
| 505 | 0 |aÉpinoche à trois épines géante - Préoccupante -- Épinoche à trois épines lisse - En voie de disparition -- Épinoche à trois épines lentique du lac Misty - En voie de disparition -- Épinoche à trois épines lotique du lac Misty - En voie de disparition -- Épinoche à trois épines benthique du lac Paxton - En voie de disparition -- Épinoche à trois épines limnétique du lac Paxton - En voie de disparition -- Épinoche à trois épines benthique du ruisseau Vananda - En voie de disparition -- Épinoche à trois épines limnétique du ruisseau Vananda - En voie de disparition -- Épinoche à trois épines benthique du lac Little Quarry - Menacée -- Épinoche à trois épines limnétique du lac Little Quarry - Menacée -- Épinoche à trois épines benthique du lac Enos - Disparue -- Épinoche à trois épines limnétique du lac Enos - Disparue - 2023. |
| 520 | |a« L'aire de répartition mondiale du groupe d'espèces d'épinoches à trois épines évalué par le COSEPAC dans le présent rapport se limite à la côte ouest de la Colombie-Britannique » -- Répartition, page x. |
| 650 | 6|aÉpinoche à trois épines|zColombie-Britannique. |
| 650 | 6|aPoissons rares|zColombie-Britannique. |
| 710 | 2 |aComité sur la situation des espèces en péril au Canada, |eorganisme de publication. |
| 775 | 08|tCOSEWIC assessment and status report on the threespine stickleback species bundle, Gasterosteus aculeatus, in Canada.|w(CaOODSP)9.938351 |
| 856 | 40|qPDF|s2.67 Mo|uhttps://publications.gc.ca/collections/collection_2024/eccc/cw69/CW69-14-837-2024-fra.pdf |
| 856 | 4 |qHTML|sS.O.|uhttps://www.canada.ca/fr/environnement-changement-climatique/services/registre-public-especes-peril/evaluations-rapports-situations-cosepac/groupe-especes-epinoches-a-trois-epines.html |